Film Allgemeinwissen Quiz #3 - Statistiken

Allgemein
  • Dieses Quiz wurde 210 mal gespielt
  • Das Durchschnittsergebnis liegt bei 12 aus 20
Antwortstatistiken
Frage Antwort % Korrekt
Wie lautet der Name des von Johnny Depp verkörperten berüchtigten Piraten-Kapitäns in "Fluch der Karibik"? Jack Sparrow
94%
Welcher Superheld verbirgt sich hinter dem bürgerlichen Namen Peter Parker? Spider-Man
94%
Vervollständigen Sie den Filmtitel: "Das Schweigen der ______" Lämmer
93%
Das Skelett welches Dinosauriers ist auf dem "Jurassic Park"-Logo abgebildet? Tyrannosaurus rex
92%
Wie heißt der Hund von Micky Maus? Pluto
84%
In welchem Jahr kam "Avatar – Aufbruch nach Pandora", der erfolgreichste Film aller Zeiten, in die Kinos? 2009
81%
Welchen Schurken verkörperte Ralph Fiennes in den "Harry-Potter"-Filmen? Voldemort
78%
Welcher Schauspieler schaffte es in den USA bis zur Präsidentschaft? Ronald Reagan
61%
Wo stirbt das erste Opfer von Norman Bates im Alfred-Hitchcock-Film "Psycho"? Dusche
59%
Welche Schauspielerin spielte die Hauptrolle im Marvel-Film "Black Widow"? Scarlett Johansson
58%
Wie hieß der Schauspieler, der James Bond in den Filmen "Liebesgrüße aus Moskau" und "Goldfinger" verköperte? Sean Connery
56%
Welche berühmte Romanfigur wurde in Verfilmungen bereits von Basil Rathbone, Peter Cushing und Robert Downey Jr. gespielt? Sherlock Holmes
56%
Für den Soundtrack welches Erotikfilms nahm die britische Sängerin Ellie Goulding das Lied "Love Me like You Do" auf? Fifty Shades of Grey
49%
Wie heißt eine nach einem Volksbrauch benannte Horrorfilm-Reihe mit inzwischen dreizehn Filmen, wobei der erste Teil 1978 erschien? Halloween
49%
In welcher Filmreihe kommt der Androide T-800 vor? Terminator
43%
Wie heißt der Regisseur von Filmen wie "The Irishman", "Taxi Driver" und "The Wolf of Wall Street"? Martin Scorsese
42%
Welche deutsche Schauspielerin ist mit "Die Höhle der Löwen"-Investor Carsten Maschmeyer verheiratet? Veronica Ferres
40%
Wie heißt der Orang-Utan aus "Das Dschungelbuch", der sich selbst als "König im Affenstall" bezeichnet? King Louie
31%
Wie heißt der Tier-Horrorfilm, der in Deutschland die meisten Menschen ins Kino locken konnte? Der weiße Hai
28%
Welcher Schauspieler spielte die Figur Batman am öftesten (in insgesamt 4 Filmen)? Ben Affleck
21%
Keine übereinstimmenden Quizze gefunden
Verteilung der Resultate
Anzahl Personen mit jedem Resultat
Perzentil nach korrekt beantworteten Fragen
Ihre Resultats-Entwicklung
Sie haben dieses Quiz noch nicht gespielt